000 00835nam a22002417a 4500
999 _c3840
_d3840
003 AR-CdUCM
008 190307b ||||| |||| 00| 0 spa d
040 _aMUNICIPALIDAD PROVINCIAL DEL CUSCO
_cBIBLIOTECA MUNICIPAL DEL CUSCO
082 _a869.56 /
_bP44
100 _aPérez Huarancca, Hildebrando
_912352
245 _aLos ilegítimos /
260 _bCecom,
_c1980.
300 _a77 paginas ;
_bFotografías,
_c20 cm.
440 _aEl tungsteno
_912353
505 _aLa oración de la tarde -- Somos de Chukara -- Entonces abuelos aparecía -- Los hijos de Marcelino Medina -- Mientras dormía se contaban ...
650 _aCuentos peruanos
_97
650 _aSiglo XX.
_98
650 _aNarrativa peruana
_9226
650 _aCódigos y costumbres
_912354
650 _aBurguesía
_912355
942 _2ddc
_cLIBROS
945 _aacv